|
|
|
|
| LEADER |
00000nam a2200000 a 4500 |
| 001 |
vtls001332421 |
| 003 |
SK-MaSNL |
| 005 |
20260331203323.0 |
| 008 |
251023s1998 xo 0 slo |
| 015 |
|
|
|a SNBH1998/03-02050
|
| 020 |
|
|
|a 8080510601
|
| 035 |
|
|
|a SNK000285322
|
| 040 |
|
|
|a SNK
|b slo
|c SNK
|e AACR2
|
| 041 |
0 |
|
|a slo
|
| 044 |
|
|
|a xo
|c SK
|
| 080 |
|
|
|a 784.1.087.612.3:786.2
|2 1981
|
| 080 |
|
|
|a 786.2
|2 1981
|
| 100 |
1 |
|
|a Gahér, Jozef,
|d 1934-2013
|4 skl
|9 172394
|
| 245 |
1 |
|
|a 5 piesní na texty Janka Kráľa
|h hudobnina
|c Jozef Gahér
|
| 246 |
1 |
3 |
|a Päť piesní na texty Janka Kráľa
|
| 260 |
|
|
|a Bratislava
|b Hudobný fond
|c 1998
|
| 300 |
|
|
|a 14 s.
|c 30x21 cm
|
| 500 |
|
|
|a 50 výt.
|
| 505 |
0 |
|
|a Obsahuje 5 piesní
|
| 650 |
0 |
7 |
|a vokálnoinštrumentálna tvorba
|x mezzosoprán a klavír
|2 SNK
|9 633357
|
| 700 |
1 |
|
|a Kráľ, Janko,
|d 1822-1876
|4 tex
|9 85414
|
| 919 |
|
|
|a 80-8051-060-1
|
| 924 |
|
|
|a mezzosoprán a klavír
|
| 958 |
|
|
|a HHU
|
| 958 |
|
|
|a TL
|
| 999 |
|
|
|c 976367
|d 978297
|
| 952 |
|
|
|t P60, <03>, [BOOK], {603}
|a SNK
|b SNK
|y PREZ
|7 0
|p 17A0141846
|o snkHSB 3435
|i snkKSP 5532/98
|0 0
|1 0
|4 0
|d 1998-05-28
|l 0
|r 2005-01-02 00:00:00
|w 2026-02-24
|
| 952 |
|
|
|t P60, <04>, [BOOK], {604}
|a SNK
|b SNK
|y VYP
|7 0
|p 17A0141845
|o snkHSB 3435 D1
|i snkKSP 5533/98
|0 0
|1 0
|4 0
|d 1998-05-28
|l 0
|r 2005-01-02 00:00:00
|w 2026-02-24
|